|
|
|
|
| LEADER |
00000cam a22000004a 4500 |
| 001 |
musev2_22665 |
| 003 |
MdBmJHUP |
| 005 |
20230905042419.0 |
| 006 |
m o d |
| 007 |
cr||||||||nn|n |
| 008 |
170113r20132013mau o 00 0 eng d |
| 020 |
|
|
|a 9781613762264
|
| 020 |
|
|
|z 1613762267
|
| 020 |
|
|
|z 1558499881
|
| 020 |
|
|
|z 9781558499881
|
| 035 |
|
|
|a (OCoLC)859686629
|
| 040 |
|
|
|a MdBmJHUP
|c MdBmJHUP
|
| 100 |
1 |
|
|a Williams, Susan,
|d 1948-
|
| 245 |
1 |
0 |
|a Alice Morse Earle and the Domestic History of Early America
|
| 264 |
|
1 |
|a Boston [Massachusetts] :
|b University of Massachusetts Press,
|c 2013
|
| 264 |
|
3 |
|a Baltimore, Md. :
|b Project MUSE,
|c 2013
|
| 264 |
|
4 |
|c ©2013
|
| 300 |
|
|
|a 1 online resource (328 pages):
|b illustrations
|
| 336 |
|
|
|a text
|b txt
|2 rdacontent
|
| 337 |
|
|
|a computer
|b c
|2 rdamedia
|
| 338 |
|
|
|a online resource
|b cr
|2 rdacarrier
|
| 490 |
0 |
|
|a Public History in Historical Perspective
|
| 588 |
|
|
|a Description based on print version record.
|
| 650 |
|
7 |
|a Women historians
|2 fast
|0 (OCoLC)fst01177742
|
| 650 |
|
7 |
|a Manners and customs
|x Historiography
|2 fast
|0 (OCoLC)fst01353624
|
| 650 |
|
7 |
|a Historians
|2 fast
|0 (OCoLC)fst00957686
|
| 650 |
|
6 |
|a Économie domestique
|z États-Unis
|x Historiographie.
|
| 650 |
|
6 |
|a Culture materielle
|z États-Unis
|x Historiographie.
|
| 650 |
|
6 |
|a Historiennes
|z États-Unis
|v Biographies.
|
| 650 |
|
6 |
|a Historiens
|z États-Unis
|v Biographies.
|
| 650 |
|
0 |
|a Home economics
|z United States
|x Historiography.
|
| 650 |
|
0 |
|a Material culture
|z United States
|x Historiography.
|
| 650 |
|
0 |
|a Women historians
|z United States
|v Biography.
|
| 650 |
|
0 |
|a Historians
|z United States
|v Biography.
|
| 651 |
|
7 |
|a United States
|2 fast
|0 (OCoLC)fst01204155
|
| 651 |
|
7 |
|a New England
|2 fast
|0 (OCoLC)fst01241913
|
| 651 |
|
6 |
|a Nouvelle-Angleterre
|x Moeurs et coutumes
|y Jusqu'à 1775
|x Historiographie.
|
| 651 |
|
6 |
|a États-Unis
|x Moeurs et coutumes
|y Jusqu'à 1775
|x Historiographie.
|
| 651 |
|
0 |
|a New England
|x Social life and customs
|y To 1775
|x Historiography.
|
| 651 |
|
0 |
|a United States
|x Social life and customs
|y To 1775
|x Historiography.
|
| 600 |
1 |
4 |
|a Earle, Alice Morse,
|d 1851-1911
|
| 655 |
|
7 |
|a Biographies.
|2 fast
|0 (OCoLC)fst01919896
|
| 655 |
|
7 |
|a Electronic books.
|2 local
|
| 710 |
2 |
|
|a Project Muse.
|e distributor
|
| 830 |
|
0 |
|a Book collections on Project MUSE.
|
| 856 |
4 |
0 |
|z Texto completo
|u https://projectmuse.uam.elogim.com/book/22665/
|
| 945 |
|
|
|a Project MUSE - Custom Collection
|
| 945 |
|
|
|a Project MUSE - 2013 History
|
| 945 |
|
|
|a Project MUSE - 2013 Complete
|